00343nam a2200133Ia 4500008004100000041000800041082001500049100002000064245004300084250001400127260002800141300003100169365000900200240624s9999 xx 000 0 und d aeng a332.17 HUB aHUBBARD R GLENN aMONEY BANKING AND THE FINANCIAL SYSTEM a(2nd ed.) c2014aNew YorkbPearson axxx, : 622 : p. : cm. ; 26 cb30